00530nam a22001817a 450000500170000001000150001702000260003203500140005803700090007208200100008110000210009124500760011226000420018827000340023030000310026470000280029570000250032320241114124909.0 aENG-142013 a9788192060879c230.00 aEN-125545 bDBAD a519.5 aSreenivasulu, M. aBusiness Statistics/cby M. Sreenivasulu; Tirupati Rao [and] E.Nagaraju aGunturbJai Bharath Publishers c2019 a2/18 Brodiepet, Guntur-522002 aVarious Pagingsc26cm.(pb) aRao , Tirupati eAuthor aNagaraju, E.eAuthor